Statistics for UK Cities by Picture

Click here to take the quiz!

General Stats

  • This quiz has been taken 125 times
  • The average score is 37 of 69

Answer Stats

Answer % Correct
Belfast
97%
City of London
97%
Manchester
93%
Cardiff
92%
Edinburgh
92%
Glasgow
90%
Oxford
87%
Bristol
86%
Birmingham
85%
Liverpool
85%
Swansea
84%
Newcastle upon Tyne
84%
Leeds
83%
Cambridge
82%
York
80%
Nottingham
79%
Aberdeen
75%
Brighton & Hove
72%
Sheffield
71%
Southampton
71%
Bath
70%
Plymouth
70%
Portsmouth
67%
Leicester
66%
Inverness
64%
Norwich
63%
Derry
63%
Dundee
60%
Kingston upon Hull
59%
Coventry
55%
Exeter
53%
Derby
52%
Chester
52%
Canterbury
51%
Lincoln
48%
Bradford
47%
Perth
47%
Stoke-on-Trent
47%
Newport
46%
Durham
44%
Worcester
44%
Sunderland
43%
Preston
43%
Winchester
41%
Gloucester
41%
Wolverhampton
40%
City of Westminster
39%
St Davids
39%
Carlisle
38%
Stirling
38%
Salisbury
37%
Hereford
36%
Bangor
36%
Lancaster
36%
Salford
33%
Ely
29%
Truro
29%
Armagh
25%
Peterborough
24%
Lisburn
22%
St Asaph
22%
Wakefield
22%
St Albans
21%
Lichfield
21%
Chelmsford
21%
Newry
20%
Wells
20%
Ripon
18%
Chichester
16%

Score Distribution

Percentile by Number Answered

Percent of People with Each Score

Your Score History

You have not taken this quiz